International factor mobility (Record no. 31272)

MARC details
000 -LEADER
fixed length control field 00425nam a2200169Ia 4500
020 ## - INTERNATIONAL STANDARD BOOK NUMBER
ISBN 0- 262- 02197- 8
050 ## - CALL MARK
Classification number HF 1411.B466
100 ## - STATEMENT OF RESPONSIBILITY--MAIN AUTHOR NAME
Personal name Robert C. Feenstra
245 #0 - TITLE STATEMENT
Title International factor mobility
260 ## - PUBLICATION, DISTRIBUTION, ETC. (IMPRINT)
Name of publisher Mit press
260 ## - PUBLICATION, DISTRIBUTION, ETC. (IMPRINT)
Year of publication 1983
300 ## - PHYSICAL DESCRIPTION
Number of Pages 562 p
650 ## - SUBJECT ADDED ENTRY--TOPICAL TERM
Topical Term Brain drain- addresses, essays, lectures
942 ## - ADDED ENTRY ELEMENTS (KOHA)
Koha item type Books
Holdings
Withdrawn status Lost status Source of classification or shelving scheme Damaged status Not for loan Permanent Location Current Location Date acquired Accession Number Price effective from Koha item type
    Library of Congress Classification     NILE UNIVERSITY OF NIGERIA - MAIN LIBRARY NILE UNIVERSITY OF NIGERIA - MAIN LIBRARY 04/23/2025 0003989 04/23/2025 Books